[Event "ARM-ch Rapid 2019"]
[Site "Yerevan"]
[Date "2019.01.23"]
[Round "9.5"]
[White "Gharibyan, Mamikon"]
[Black "Harutyunian, Tigran K."]
[Result "1-0"]
[WhiteElo "2318"]
[BlackElo "2542"]
[Annotator "TA"]
[PlyCount "133"]
[EventDate "2019.01.22"]
[EventType "tourn"]
[EventCountry "ARM"]

{[%evp 18,133,25,27,27,16,20,0,27,-17,-22,-30,-36,-41,-31,-100,-52,-54,-53,-87,9,9,30,-84,-83,-182,-111,-243,-182,-205,-170,-236,-205,-204,-127,-127,-79,-117,65,-144,-154,-172,0,0,0,0,0,0,0,0,0,0,0,0,0,-30,-32,-50,-32,-27,-18,-35,0,0,0,0,0,0,0,0,0,0,8,0,12,8,45,43,90,99,204,208,214,214,427,427,669,644,1370,1392,1363,1130,1169,1106,1171,1184,1209,1198,1145,1162,1138,1098,1159,965,1148,1055,1041,982,980,865,1872,1893,651,490,29989,29990,29991,29992]} 1. d4 {Ftacnik,L} d5 2. c4 c6 3. Nf3 Nf6 4. e3 Bf5 5. Nc3 e6 6. Nh4 Bg6 7. Nxg6 hxg6 8. Rb1 {D12: Slav Defence: 3 Nf3 Nf6 4 e3 Bf5} Nbd7 9. c5 a5 10. a3 {LiveBook: 4 Games. White has an edge.} Be7 11. Be2 $146 ({Predecessor:} 11. g3 e5 12. Bg2 e4 13. b4 axb4 14. axb4 Nf8 15. b5 Ne6 {1-0 (39) Nakamura,H (2790)-Topalov,V (2780) Moscow 2016 CBM 172 [Ftacnik,L]}) 11... Qc7 12. f4 g5 13. g3 gxf4 14. exf4 Ne4 {aiming for ...Nxg3!} 15. Nxe4 dxe4 16. Qc2 (16. O-O $15) 16... f5 $1 $17 17. Bc4 Kf7 $36 {[%mdl 2048] Black is more active.} 18. g4 {Threatens to win with gxf5.} g6 (18... Bh4+ $17 19. Kf1 g6) 19. g5 $1 $11 Bf8 20. Be3 (20. h4 $1 $11) 20... Rh3 $17 21. Qe2 (21. Qd2 $17 {is a better defense.}) 21... Bg7 ({Black should try} 21... b5 $19 22. Ba2 Bg7) 22. Kd2 (22. Qd2 $17) 22... b6 23. Kc2 a4 24. Rhd1 (24. Rhg1 $142) 24... Rah8 $19 25. Rd2 R8h4 (25... Rxh2 26. Qxh2 Rxh2 27. Rxh2 $11) 26. Rbd1 b5 (26... Rxh2 $6 27. Qxh2 Rxh2 28. Rxh2 $11) 27. Ba2 {[#]} Rxf4 $2 {[#]} (27... Rxe3 $1 $17 {[%mdl 512]} 28. Qxe3 Qxf4 29. Qxf4 Rxf4) 28. Bxf4 $2 (28. Bxe6+ $1 $14 {[%mdl 512] was the only good move.} Kxe6 29. d5+ cxd5 30. Rxd5) 28... Qxf4 $17 29. Kb1 Ke7 $2 {[#]} (29... Qxg5 {[#]} 30. Bxe6+ $1 {[%mdl 512]} Kxe6 31. d5+ cxd5 32. Rxd5 $11) (29... e3 $19 30. Rd3 Nb8) 30. d5 $1 $11 {[%mdl 512]} exd5 {[#]} (30... cxd5 31. Bxd5) 31. Bxd5 $1 {[%mdl 512]} Re3 ({Much worse is} 31... cxd5 $6 32. Rxd5 Nf8 33. Qxb5 $16) 32. Bxc6 Rxe2 33. Rxd7+ Ke6 $1 ({And not} 33... Kf8 34. Rd8+ Ke7 35. R1d7+ Ke6 36. Re8#) 34. R1d6+ {[#]} Qxd6 $1 {[%mdl 512]} 35. Rxd6+ {[%mdl 4096] Endgame KRB-KRB} (35. cxd6 Rxb2+) 35... Ke5 {Hoping for ...Kf4.} 36. Rxg6 Bf8 37. Bd7 Bxc5 {White must now prevent ...Bd4.} 38. Re6+ Kd4 {...f4 is the strong threat.} 39. Rf6 f4 (39... Rxh2 40. Bxf5 e3 41. Bg4 $19) 40. Rxf4 Ke3 41. Rf5 Bd4 42. Rxb5 Rxh2 43. Rb4 Rg2 44. Bxa4 Rxg5 45. Bc2 Re5 46. Ka2 Bc5 47. Rc4 Bd4 48. b4 {[%cal Bb2b4,Bb4b5][%mdl 32]} Kd2 (48... Bb6 $16 {might work better.}) 49. Kb3 $18 Ke3 50. a4 {[%cal Ba3a4,Ba4a5,Ba5a6][%mdl 32]} Rh5 $2 (50... Rd5 51. Rc8 Kf4) 51. a5 Rh1 (51... Rb5 $142 52. Rc7 Re5) 52. b5 Ra1 53. Ra4 Rc1 54. a6 Ba7 55. Rxe4+ Kd2 56. Rc4 Ra1 57. Rc7 Bb6 58. Rd7+ Ke3 59. Rd6 Ba7 60. Rd3+ Kf4 61. Rd7 Bb6 62. Rb7 Bg1 63. Bd3 Ke5 64. b6 Kd6 65. a7 Bxb6 (65... Kd5 $18 66. Bc4+ Ke4 67. Re7+ Kf4) 66. Rxb6+ Kc7 67. Ra6 {Precision: White = 45%, Black = 24%.} 1-0

[Event "ARM-ch Rapid 2019"]
[Site "Yerevan"]
[Date "2019.01.23"]
[Round "9.6"]
[White "Ter-Sahakyan, Samvel"]
[Black "Danielyan, Vahe"]
[Result "1-0"]
[WhiteElo "2574"]
[BlackElo "2186"]
[Annotator "TA"]
[PlyCount "111"]
[EventDate "2019.01.22"]
[EventType "tourn"]
[EventCountry "ARM"]

{[%evp 30,111,37,24,17,11,51,26,37,26,25,30,25,22,16,2,8,-2,-5,-10,10,15,88,60,66,54,51,6,5,5,14,5,0,0,0,0,31,35,31,28,26,30,74,41,80,72,104,104,104,104,104,103,287,281,305,291,290,289,362,377,1176,1112,940,507,550,344,345,360,357,352,337,345,336,334,318,311,529,283,342,293,4778,4777,4134,4134]} 1. e4 e5 2. Nf3 Nc6 3. Bb5 a6 4. Ba4 Nf6 5. O-O Be7 6. Re1 b5 7. Bb3 d6 8. c3 O-O 9. h3 Bb7 10. d4 Re8 11. Nbd2 {[%cal Bb1d2,Bd2f1,Bf1h2,Bh2g4][%mdl 32]} exd4 {C92: Closed Ruy Lopez: 9...Be6, Karpov and Flohr-Zaitsev Variations} 12. cxd4 Nd7 13. Nf1 Na5 14. Bc2 {[#]} c5 $146 ({Predecessor:} 14... Bf6 15. N1h2 c5 16. d5 Nc4 17. Rb1 Nde5 18. Nxe5 Bxe5 19. b3 {1-0 (56) Wei,Y (2737)-Bu,X (2710) Taizhou 2015}) 15. d5 Bf6 16. Rb1 {LiveBook: 64 Games} Nc4 17. b3 Ncb6 18. N1h2 Ne5 19. Nxe5 Bxe5 20. Ng4 Bd4 21. Be3 Bxe3 22. Rxe3 Bc8 23. Nh2 a5 24. Nf3 Bb7 25. Bd3 Ba6 (25... b4 $11 {keeps the balance.}) 26. Qd2 b4 27. Bxa6 Rxa6 28. Qd3 Ra8 29. Rd1 Nd7 30. Nd2 a4 31. Nc4 axb3 32. axb3 Ne5 33. Nxe5 Rxe5 34. f4 Re8 35. e5 h6 36. Qe2 Qb6 37. Kh1 Qa6 38. Qg4 {Hoping for Rg3.} Kh8 39. Rg3 {[%csl Gg3][%cal Rg4g7] [#]} Rg8 40. e6 fxe6 $2 (40... Qb7 $16) 41. dxe6 $18 Qb7 42. f5 ({Don't do} 42. Rxd6 $6 Qe4 $18) 42... Qe7 43. Qf4 Raf8 {intending ...Qxe6.} 44. Rg6 Kh7 $2 {[#]} (44... Rf6 45. Rxf6 (45. Rxd6 Rxf5 46. Qg3 Rf6 $16) (45. Qxd6 Qxd6 46. Rxd6 Rxf5 $14) 45... Qxf6 46. Rxd6 Kh7) 45. Rxd6 Rd8 46. Rxd8 Qxd8 {[%mdl 4096] Endgame KQR-KQR} 47. Rg3 Qf6 48. Qe4 Rd8 49. e7 Re8 50. Re3 c4 51. bxc4 b3 52. Qb1 ({Not} 52. Rxb3 Rxe7 53. Qb1 Rf7 $18) 52... b2 $2 (52... Kh8 53. Qxb3 Rxe7 54. Rxe7 Qxe7) 53. Re2 h5 54. Qxb2 Qxf5 $2 (54... Qxb2 55. Rxb2 Rxe7) 55. Qe5 Qg6 56. Qe4 {Accuracy: White = 70%, Black = 33%.} 1-0

[Event "ARM-ch Rapid 2019"]
[Site "Yerevan"]
[Date "2019.01.23"]
[Round "9.7"]
[White "Mikaelyan, Arman"]
[Black "Hayrapetyan, Artavazd R."]
[Result "1-0"]
[WhiteElo "2474"]
[BlackElo "2374"]
[Annotator "TA"]
[PlyCount "79"]
[EventDate "2019.01.22"]
[EventType "tourn"]
[EventCountry "ARM"]

{[%evp 12,79,2,-1,18,21,9,9,4,4,4,12,5,8,13,18,29,26,66,65,76,66,115,116,158,167,170,165,172,145,168,139,164,130,131,115,180,178,222,191,191,174,204,218,200,208,251,234,283,273,283,276,419,407,619,408,613,624,891,876,815,755,753,753,737,726,846,820,843,825]} 1. d4 Nf6 2. Bg5 d5 3. e3 e6 4. Nf3 Be7 5. Nbd2 b6 6. c3 O-O 7. Bd3 Ba6 {D03: 1 d4 d5 2 Nf3 Nf6 3 Bg5, including Torre Attack with early ...d5} (7... c5 8. Qe2 Bb7 9. Ne5 Nbd7 10. O-O Ne4 11. Bxe7 Qxe7 12. Nxd7 Qxd7 13. Nxe4 dxe4 14. Bb5 Qe7 15. dxc5 Qxc5 16. Rfd1 a6 17. Ba4 b5 18. Bb3 a5 19. a3 b4 20. axb4 axb4 21. Rxa8 Rxa8 22. cxb4 Qxb4 {1-0 (62) Salgado Lopez,I (2629)-Esipenko,A (2593) St Petersburg 2018}) 8. Bxa6 Nxa6 9. Ne5 Nb8 {The position is equal.} 10. O-O Nfd7 11. Bxe7 Qxe7 12. f4 $36 {[%cal Bf2f4,Bf4e5][%mdl 2080] White has good play.} f5 13. c4 Nxe5 14. fxe5 c6 $146 ({Predecessor:} 14... Qd7 15. Qb3 {1-0 (48) Fischer,S (2220)-Messmer,M (2315) Germany 1995}) 15. Rc1 Qb7 16. g4 g6 17. gxf5 gxf5 18. Qh5 Qf7 19. Qxf7+ Rxf7 20. cxd5 cxd5 21. Rc8+ Rf8 22. Rfc1 Na6 23. R8c6 Kf7 (23... f4 $16 {keeps fighting.}) 24. a3 Ke7 25. b4 Rad8 26. Kf2 Nb8 27. Rc7+ Rd7 28. Nf3 Rg8 29. Ne1 Na6 30. R7c2 Rb7 31. Ng2 Nb8 (31... Kd7 $142 32. b5 Nc7) 32. Nf4 $18 a6 (32... Re8 $142 33. Nh5 a5) 33. Kf3 Kd7 (33... a5 $142 34. Rc8 Rxc8 35. Rxc8 Kf7) 34. Nh5 {[#] Nf6+ is the strong threat.White is clearly winning.} Rg5 35. Nf6+ Ke7 36. Rc7+ Rxc7 37. Rxc7+ Kd8 38. Rxh7 Nc6 39. h4 {[%cal Bh2h4,Bh4h5][%mdl 32]} Rg1 40. h5 {Accuracy: White = 95%, Black = 29%.} 1-0

[Event "ARM-ch Rapid 2019"]
[Site "Yerevan"]
[Date "2019.01.23"]
[Round "9.8"]
[White "Davtyan, Artur"]
[Black "Pashikian, Arman"]
[Result "0-1"]
[WhiteElo "2396"]
[BlackElo "2599"]
[Annotator "TA"]
[PlyCount "27"]
[EventDate "2019.01.22"]
[EventType "tourn"]
[EventCountry "ARM"]

{[%evp 11,13,13,12,-11]} 1. d4 Nf6 2. c4 e6 3. Nf3 d5 4. Nc3 Nbd7 5. Bf4 Bb4 6. Qb3 {D37: Queen's Gambit Declined: 5 Bf4} (6. e3 c5 7. dxc5 Nxc5 8. Qc2 O-O 9. Be2 Nce4 10. O-O Bxc3 11. bxc3 dxc4 12. Bxc4 b6 13. Rad1 Qe7 14. Nd2 {½-½ (71) Nakamura,H (2793)-Kramnik,V (2811) Zuerich 2017}) 6... c5 {LiveBook: 8 Games} 7. a3 {[%mdl 32768] Loss on Time!?} {Predecessor:} Qa5 $146 8. Rc1 Bxc3+ 9. Qxc3 Qxc3+ 10. bxc3 dxc4 11. e3 b5 12. Ne5 Nxe5 13. Bxe5 cxd4 14. cxd4 {½-½ (42) Hill,T (1728)-Summers,C (2028) Wales 2007} 0-1

[Event "ARM-ch Rapid 2019"]
[Site "Yerevan"]
[Date "2019.01.23"]
[Round "9.9"]
[White "Nadanian, Ashot"]
[Black "Sargsyan, Anna M."]
[Result "1-0"]
[WhiteElo "2317"]
[BlackElo "2339"]
[PlyCount "124"]
[EventDate "2019.01.22"]
[EventType "tourn"]
[EventCountry "ARM"]
[TimeControl "40/5400+30:1800+30"]
[WhiteClock "0:00:19"]
[BlackClock "0:00:43"]

1. e4 {[%emt 1:15:14]} c6 {[%emt 1:15:11]} 2. d4 {[%emt 0:00:22]} d5 {[%emt 0:00:22]} 3. Nd2 {[%emt 0:00:32]} dxe4 {[%emt 0:00:23]} 4. Nxe4 {[%emt 0:00:22]} Bf5 {[%emt 0:00:23]} 5. Bd3 {[%emt 0:00:50]} e6 {[%emt 0:01:27]} 6. Nf3 {[%emt 0:00:35]} Nd7 {[%emt 0:00:23]} 7. O-O {[%emt 0:00:27]} Bg6 {[%emt 0:00:37]} 8. Bf4 {[%emt 0:00:40]} Bxe4 {[%emt 0:00:30]} 9. Bxe4 {[%emt 0:00:22]} Ngf6 {[%emt 0:00:21]} 10. Bd3 {[%emt 0:00:22]} Be7 {[%emt 0:00:25]} 11. c3 {[%emt 0:00:41]} O-O {[%emt 0:00:27]} 12. Qe2 {[%emt 0:00:22]} c5 {[%emt 0:00:56]} 13. dxc5 {[%emt 0:00:30]} Nxc5 {[%emt 0:00:26]} 14. Bc2 {[%emt 0:00:22]} Qb6 {[%emt 0:00:35]} 15. Ne5 {[%emt 0:00:33]} Rad8 {[%emt 0:00:57]} 16. Rfe1 {[%emt 0:01:15]} Nd5 {[%emt 0:02:22]} 17. Bg3 {[%emt 0:00:27]} g6 {[%emt 0:00:37]} 18. Nc4 {[%emt 0:01:47]} Qa6 {[%emt 0:00:43]} 19. a4 {[%emt 0:00:29]} Bf6 {[%emt 0:03:06]} 20. a5 {[%emt 0:01:32]} Qb5 {[%emt 0:01:05]} 21. h4 {[%emt 0:02:17]} h5 {[%emt 0:01:43]} 22. Qf1 {[%emt 0:01:52]} Qd7 {[%emt 0:01:23]} 23. Ne5 {[%emt 0:01:38]} Qe7 {[%emt 0:00:42]} 24. Qc4 {[%emt 0:01:12]} Rc8 {[%emt 0:00:46]} 25. Nf3 {[%emt 0:00:28]} Kg7 {[%emt 0:00:57]} 26. Rad1 {[%emt 0:00:37]} Rfd8 {[%emt 0:00:24]} 27. Qe2 {[%emt 0:01:09]} Kg8 {[%emt 0:01:59]} 28. Qf1 {[%emt 0:00:25]} Qf8 {[%emt 0:00:57]} 29. Ne5 {[%emt 0:00:41]} Qe7 {[%emt 0:00:27]} 30. Nf3 {[%emt 0:00:37]} Qf8 {[%emt 0:00:21]} 31. Bb1 {[%emt 0:00:21]} a6 {[%emt 0:00:36]} 32. Ba2 {[%emt 0:00:32]} Ne7 {[%emt 0:00:26]} 33. Bd6 {[%emt 0:00:52]} Rc6 {[%emt 0:00:32]} 34. Be5 {[%emt 0:00:29]} Bxe5 {[%emt 0:01:29]} 35. Nxe5 {[%emt 0:00:28]} Rcc8 {[%emt 0:00:22]} 36. g3 {[%emt 0:01:23]} Nc6 {[%emt 0:00:55]} 37. Nf3 {[%emt 0:01:09]} Na4 {[%emt 0:00:43]} 38. Qe2 {[%emt 0:01:08]} Qe7 {[%emt 0:00:46]} 39. Ng5 {[%emt 0:00:27]} Rxd1 {[%emt 0:01:07]} 40. Rxd1 {[%emt 0:00:22]} Rd8 {[%emt 0:00:20]} 41. Rxd8+ {[%emt 0:30:29]} Nxd8 {[%emt 0:30:21]} 42. Bb3 {[%emt 0:00:49]} Nc5 {[%emt 0:00:23]} 43. Bc2 {[%emt 0:00:23]} Nc6 {[%emt 0:00:29]} 44. Qe3 {[%emt 0:00:41]} Nd7 {[%emt 0:00:27]} 45. b4 {[%emt 0:00:31]} Nf6 {[%emt 0:00:33]} 46. Bb3 {[%emt 0:01:06]} Kg7 {[%emt 0:00:40]} 47. Qf4 {[%emt 0:01:00]} Qd7 {[%emt 0:01:12]} 48. Qe3 {[%emt 0:00:49]} Ne7 {[%emt 0:00:40]} 49. Nf3 {[%emt 0:00:46]} Ned5 {[%emt 0:00:34]} 50. Qe5 {[%emt 0:00:25]} Qc6 {[%emt 0:00:37]} 51. Nd4 {[%emt 0:01:35]} Qc7 {[%emt 0:01:09]} 52. Qxc7 {[%emt 0:01:04]} Nxc7 {[%emt 0:00:21]} 53. f3 {[%emt 0:00:29]} Nfd5 {[%emt 0:00:23]} 54. Ne2 {[%emt 0:00:22]} Kf6 {[%emt 0:00:21]} 55. Kf2 {[%emt 0:00:21]} Ke5 {[%emt 0:00:25]} 56. f4+ {[%emt 0:00:22]} Kd6 {[%emt 0:00:24]} 57. Kf3 {[%emt 0:00:25]} Nf6 {[%emt 0:00:49]} 58. c4 {[%emt 0:00:31]} e5 {[%emt 0:00:29]} 59. c5+ {[%emt 0:00:25]} Ke7 {[%emt 0:00:20]} 60. fxe5 {[%emt 0:00:21]} Nd7 {[%emt 0:00:43]} 61. Ke4 {[%emt 0:00:29]} Nb8 {[%emt 0:00:37]} 62. Nd4 {[%emt 0:01:03]} f5+ {[%emt 0:00:33]} 1-0

[Event "ARM-ch Rapid 2019"]
[Site "Yerevan"]
[Date "2019.01.23"]
[Round "9.10"]
[White "Alaverdyan, Gevorg"]
[Black "Minasian, Artashes"]
[Result "1-0"]
[WhiteElo "2261"]
[BlackElo "2472"]
[Annotator "TA"]
[PlyCount "59"]
[EventDate "2019.01.22"]
[EventType "tourn"]
[EventCountry "ARM"]

{[%evp 11,59,6,69,45,44,35,41,41,52,54,48,50,58,52,61,69,87,83,84,0,145,106,243,239,235,199,230,235,233,225,393,380,394,375,385,357,628,608,579,468,603,467,552,553,544,534,732,771,745,749]} 1. Nf3 g6 2. g3 Bg7 3. Bg2 c5 4. O-O Nc6 5. c3 Nf6 6. d4 {A04: Unusual lines after 1 Nf3 and King's Indian Attack} (6. d3 O-O 7. e4 d6 8. Nfd2 e5 9. a3 b6 10. b4 a6 11. f4 Bg4 12. Qe1 exf4 13. gxf4 Re8 14. h3 Bh5 15. Qf2 Rc8 {1-0 (61) Maghsoodloo,P (2572)-Moiseenko,V (2554) Yerevan 2018}) 6... d6 {LiveBook: 3 Publish game on website} (6... cxd4 $11 7. cxd4 d5) 7. dxc5 (7. d5 $5 {[%cal Rd5c6]}) 7... dxc5 8. Qxd8+ {White is slightly better.} Nxd8 9. Nbd2 b6 $146 ({You set blue moves yourself with the critical opening position annotation.:} 9... O-O 10. Nb3 b6 11. Rd1 Bb7 12. a4 Ne6 {1-0 (78) Eriksen,M (2063)-Millward,K (1971) London 2011}) 10. a4 {[%cal Ba2a4,Ba4a5,Ba5a6,Ba6b7][%mdl 32]} Bb7 11. a5 Ne6 12. Nc4 Nd7 13. Rd1 b5 {[#]} 14. a6 $1 {[%cal Ra6b7]} Be4 {[#]} 15. Rxd7 ({Better is} 15. Na5 $1 $16) 15... bxc4 (15... Bxf3 $1 $11 16. Bxf3 Kxd7 17. Bxa8 Rxa8) 16. Rb7 Bxb7 (16... O-O-O $16) 17. axb7 $18 Rd8 {Black wants to play ...&Vd1.} 18. Be3 O-O 19. Nd2 Nd4 {And now ...&Wc2 would win.} 20. Rxa7 Nxe2+ $2 (20... Nf5 {was necessary.}) 21. Kf1 Nc1 22. Ra8 Be5 23. Bf3 Bb8 $2 (23... Kg7 24. Nxc4 {[%mdl 64] NOTEXT-4836} Nd3) 24. Nxc4 {White is clearly winning.} Nd3 25. Ke2 Bc7 26. Be4 Ne5 27. Nxe5 Bxe5 28. Bxc5 Bd6 29. Bb6 Rb8 30. c4 {NOTEXT-4805: Tournament = 86%, Annotator = 43%.} 1-0